MARC

LEADER 00000nam0a2200000 4500
001 94788
005 20231101213954.0
035 |a (RuTPU)RU\TPU\book\101537 
090 |a 94788 
100 |a 20060415d1978 km y0rusy50 ca 
101 0 |a rus 
102 |a RU 
105 |a y z 000zy 
200 1 |a История международных отношений на Дальнем Востоке, 1945-1977 гг.  |f М. С. Капица [и др.]  |g под ред. С. Л. Тихвинского 
210 |a Хабаровск  |c Хабаровское кн. изд-во  |d 1978 
215 |a 557 с. 
225 1 |a Дальневосточная историческая библиотека 
610 1 |a международные отношения 
610 1 |a Дальний Восток 
610 1 |a 20 век 
675 |a 327С  |v 3 
701 1 |a Капица  |b М. С.  |g Михаил Степанович 
701 1 |a Петров  |b Д. В.  |g Дмитрий Васильевич 
701 1 |a Славинский  |b Б. Н.  |g Борис Николаевич 
701 1 |a Тихомиров  |b В. Д. 
702 1 |a Тихвинский  |b С. Л.  |c российский историк  |c академик РАН  |f 1918-2018  |g Сергей Леонидович  |2 stltpush  |3 (RuTPU)RU\TPU\pers\18589  |4 340  |9 6889 
801 1 |a RU  |b 63413507  |c 20060415  |g PSBO 
801 2 |a RU  |b 63413507  |c 20190702  |g PSBO 
942 |c BK